| 000 | 01117nam a2200325Ia 4500 | ||
|---|---|---|---|
| 005 | 20220317001549.0 | ||
| 007 | ta | ||
| 008 | 210824s2009 ck a br 000 j spa d | ||
| 020 | _a9789589782583 | ||
| 040 |
_aCO-BoRNBP _bspa _erda _cCO-BoRNBP |
||
| 041 | 0 | _aspa | |
| 084 | _aC PEL6 | ||
| 100 | 1 |
_aPellegrino, Mariana I. _d1976- _eautora |
|
| 245 | 1 | 3 |
_aLa recta y la curva _c Mariana I. Pellegrino, Mariana Nemitz |
| 250 | _aPrimera edición | ||
| 264 | 1 |
_aBogotá _bEdiciones Gato azul _bCangrejo Editores _c2009 |
|
| 300 |
_a[30] páginas _bilustraciones _c22 cm. |
||
| 336 |
_atexto _btxt _2rdacontent |
||
| 337 |
_asin mediación _bn _2rdamedia |
||
| 338 |
_avolumen _bnc _2rdacarrier |
||
| 490 | 0 | _aQué bueno ser distintos! | |
| 521 | _aRecomendado para un público infantil mayor de 6 años | ||
| 650 | 1 | 7 |
_aCuentos infantiles argentinos _ySiglo XX _2LEMB |
| 650 | 1 | 7 |
_aLiteratura infantil argentina _ySiglo XX _2LEMB |
| 650 | 1 | 7 |
_aLíneas _vCuento _2LEMB |
| 650 | 1 | 7 |
_aGeometría _vCuento _2LEMB |
| 650 | 1 | 7 |
_aDiferencias _vCuento _2LEMB |
| 700 | 1 |
_aNemitz, Mariana _dautora _9184015 |
|
| 942 |
_2loc _cBKLIT |
||
| 999 |
_c7381 _d7381 |
||